00409nam a2200145Ia 4500008004100000100001200041245007500053260004400128300001100172500002200183650001100205650002300216650001600239856000800255220216s9999 xx 000 0 und d aAhoba A 0aPhysical and mechanical properties of rubber wood from the Ivory Coast bAgronomie Africaine (Ivory Coast)c1992 a10-May aSource Year: 1994 aClones aHevea brasiliensis aRubber wood uATA